নবম জাতীয় সংসদ প্রধানমন্ত্রীর প্রশ্নোত্তর দশম খন্ড [২০০৯-২০১৩] / (Record no. 7167)
[ view plain ]
| 000 -LEADER | |
|---|---|
| fixed length control field | 01023nam a22002417a 4500 |
| 003 - CONTROL NUMBER IDENTIFIER | |
| control field | BUBTL |
| 008 - FIXED-LENGTH DATA ELEMENTS--GENERAL INFORMATION | |
| fixed length control field | 231129b ||||| |||| 00| 0 eng d |
| 020 ## - INTERNATIONAL STANDARD BOOK NUMBER | |
| International Standard Book Number | 9789849120858 |
| 041 ## - LANGUAGE CODE | |
| Language code of text/sound track or separate title | Ben |
| 082 ## - DEWEY DECIMAL CLASSIFICATION NUMBER | |
| Classification number | 954.92/ H2733n/ 2019 |
| 100 ## - MAIN ENTRY--PERSONAL NAME | |
| Personal name | হাসিনা, শেখ |
| 9 (RLIN) | 3866 |
| 245 ## - TITLE STATEMENT | |
| Title | নবম জাতীয় সংসদ প্রধানমন্ত্রীর প্রশ্নোত্তর দশম খন্ড [২০০৯-২০১৩] / |
| Statement of responsibility, etc. | শেখ হাসিনা |
| 250 ## - EDITION STATEMENT | |
| Edition statement | Ist ed. |
| 260 ## - PUBLICATION, DISTRIBUTION, ETC. (IMPRINT) | |
| Place of publication, distribution, etc. | Bangladesh : |
| Name of publisher, distributor, etc. | Gourob Prokashon, |
| Date of publication, distribution, etc. | c2019 |
| 300 ## - PHYSICAL DESCRIPTION | |
| Extent | 338 p. |
| Dimensions | 23 cm. |
| 505 ## - FORMATTED CONTENTS NOTE | |
| Formatted contents note | নবম জাতীয় সংসদ প্রধানমন্ত্রীর প্রশ্নোত্তর দশম খন্ড [২০০৯-২০১৩] , শেখ হাসিনা , রাজনীতি |
| 526 ## - STUDY PROGRAM INFORMATION NOTE | |
| Program name | All Programs |
| 650 #0 - SUBJECT ADDED ENTRY--TOPICAL TERM | |
| 9 (RLIN) | 5592 |
| Topical term or geographic name as entry element | Political Science |
| 700 ## - ADDED ENTRY--PERSONAL NAME | |
| Personal name | |
| 9 (RLIN) | 5611 |
| 856 ## - ELECTRONIC LOCATION AND ACCESS | |
| Password | 0 |
| Logon | 0 |
| Link text | Download |
| 942 ## - ADDED ENTRY ELEMENTS (KOHA) | |
| Source of classification or shelving scheme | |
| Koha item type | Books |
No items available.
